000 00992nam0a2200277 4500
001 RU\NLR\BIBL_A\022116336
005 20250625125304.0
010 _93000
035 _a(NLR Aleph) 022116336
090 _a13319557
_c13319557
100 _a20240125d1983 |||y0rusy50 ca
101 0 _adar
102 _aRU
105 _ay z 000 y
181 0 _ai
_baxxe
182 0 _an
200 1 _aКПСС-ла Центральный Комитетла Пленумла материалти
_e1983 ибил дусла июньна 14-15
_fЗ. Гаджиев пер.
203 _aТекст
_bвизуальный
_cнепосредственный
210 _aМахачкала
_cДаг. кн. изд-во
_d1983
215 _a80,[2] с.
_d20
541 1 _aМатериалы Пленума Центрального Комитета КПСС
_e14-15 июня 1983 года
_zrus
686 1 _aФ61(2)510.302
852 _aNLR
_bОНЛ
_jДарг./2-976
942 _cBOOK
980 _aNB